Olympics medal table - Rugby sevens - Statistics

General Stats
  • This quiz has been taken 30 times
  • The average score is 6 of 8
Answer Stats
Total Gold Silver Bronze Nation % Correct
1 0 1 0 France
93%
3 1 2 0 New Zealand
93%
1 1 0 0 Australia
89%
1 0 1 0 Great Britain
81%
3 2 0 1 Fiji
78%
1 0 0 1 South Africa
74%
1 0 0 1 Canada
67%
1 0 0 1 Argentina
63%
No matching quizzes found
Score Distribution
Percent of People with Each Score
Percentile by Number Answered
Your Score History
You have not taken this quiz